Quiz Mythologie égyptienne : Trouver l'époux / l'épouse - Statistiques

Statistiques générales
  • Ce quiz a été pris 42 fois
  • Le résultat moyen est 4 sur 9
Statistiques - réponses
Hint Réponse % Correct
Osiris Isis / Nepthys
100%
Nepthys Seth / Osiris
84%
Geb Nout
62%
Horus Hathor
57%
Maât Thot
46%
Tefnout Shou
32%
Sekhmet Ptah
14%
Râttaouy / Mout
8%
Khnoum Neith / Satis
3%
Aucun quiz correspondant
Distribution des résultats
% des personnes avec chaque résultat
Percentile par nombre de réponses
Votre historique - résultats
Vous n’avez pas pris ce quiz